000 00897nam a2200265 i 4500
001 000027340
003 DO-SdBNP
005 20250303101738.0
007 ta
008 110329s1975 dr 000 | spa d
040 _aDO-SdBNP
_bspa
_cBNPHU
_erda
082 1 _axxx
_bL471b
_222
245 0 0 _aLecturas básicas para la historia patria :
_bsegunda parte /
_ccompilado por, Georgilio Mella Chavier.
264 4 _aSanto Domingo :
_bEdiciones de La Salle,
_c1975.
300 _a296 páginas ;
_c20 cm.
336 _atexto
_btxt
_2rdacontent
337 _asin mediación
_bn
_2rdamedia
338 _avolumen
_bnc
_2rdacarrier
500 _aIncluye referencias bibliográficas y notas al pie de las páginas.
504 _aBibliografía : páginas 97-100
590 _aInventariado, 2020 /LP
700 1 _aMella Chavier, Georgilio,
_ecompilador
_4comp.
_944631
910 _aLP
942 _2ddc
_cLBS1
999 _c26832
_d26832